00453 2200169 4500245004100000020002200041250001100063100001600074700001500090650002300105005001900128260007600147041001400223084000800237300002900245336000900274 aKetika Rob DatangcDwi AstutikhText a978-623-118-671-3 aCet. 1 aDwi Astutik aIndra Bayu aBencana Banjir Rob a20240902102108 ajakar selatanbKementerian Pendidikan, Kebudayaan, Riset, dan Teknologi aIndonesia a363 a20 hlm., 21 × 29,7 cm : atext